Ausländische Bevölkerung in Deutschland - Statistiken

Allgemein
  • Dieses Quiz wurde 1.144 mal gespielt
    279 seit der letzten Aktualisierung
  • Das Durchschnittsergebnis liegt bei 22 aus 24
Antwortstatistiken
Anzahl Antwort % Korrekt
864.980 Polen
98%
1.544.480 Türkei
98%
1.334.005 Ukraine
97%
302.315 Russland
95%
201.810 Spanien
95%
975.060 Syrien
95%
138.250 Frankreich
94%
636.730 Italien
94%
181.510 Österreich
94%
120.385 Vereinigte Staaten
94%
49.520 Schweiz
93%
163.000 China
92%
148.560 Niederlande
89%
140.185 Portugal
89%
353.730 Griechenland
88%
268.785 Irak
88%
909.755 Rumänien
88%
442.020 Afghanistan
87%
432.080 Bulgarien
86%
425.810 Kroatien
86%
272.690 Serbien
85%
216.140 Ungarn
83%
277.455 Indien
82%
313.615 Kosovo
67%
Keine übereinstimmenden Quizze gefunden
Verteilung der Resultate
Anzahl Personen mit jedem Resultat
Perzentil nach korrekt beantworteten Fragen
Ihre Resultats-Entwicklung
Sie haben dieses Quiz seit der letzten Aktualisierung nicht gespielt